Most expensive football transfers - Defensive Midfielders - 2010-2011 - Statistics

General Stats
  • This quiz has been taken 13 times
  • The average score is 3 of 10
Answer Stats
Fee (M €) Nationality Left Joined Player % Correct
20,00 Argentina Liverpool Barcelona Javier Mascherano
100%
5,48 Denmark Juventus Liverpool Christian Poulsen
50%
10,00 Brazil Internacional Tottenham Sandro
50%
17,00 Brazil TSG Hoffenheim Bayern Munich Luiz Gustavo
40%
9,00 Portugal Sporting CP Genoa Miguel Veloso
30%
6,20 Cameroon Olympique Lyon Aston Villa Jean Makoun
20%
5,50 Serbia Hertha BSC Hamburger SV Gojko Kacar
10%
10,00 Brazil Corinthians Anzhi Jucilei
10%
4,50 Albania Sunderland Galatasaray Lorik Cana
10%
5,50 Türkiye Galatasaray Valencia Mehmet Topal
10%
No matching quizzes found
Score Distribution
Percent of People with Each Score
Percentile by Number Answered
Your Score History
You have not taken this quiz